[Event "Elite Hotels Open 2019"]
[Site "Vaxjo"]
[Date "2019.02.09"]
[Round "5.7"]
[White "Svensson, Mikael"]
[Black "Westerberg, Jonathan"]
[Result "0-1"]
[WhiteElo "2128"]
[BlackElo "2544"]
[Annotator "TA"]
[PlyCount "102"]
[EventDate "2019.02.08"]
[EventType "swiss"]
[EventCountry "SWE"]
[SourceTitle "playchess.com"]
[Source "ChessBase"]
[SourceQuality "1"]

{[%evp 9,102,32,31,16,27,16,18,20,20,15,14,12,15,12,20,10,18,18,28,24,35,0,0,0,16,0,14,6,28,34,40,0,0,-14,-4,-10,-6,-6,-8,-4,-6,-8,-8,-6,-14,-15,0,-13,-14,-27,-36,-36,-37,-37,-33,-49,-55,-97,-97,-93,-106,-107,-78,-78,-79,-166,-175,-266,-223,-354,-356,-348,-338,-303,-256,-292,0,-297,-260,-306,-293,-287,-292,-599,-595,-602,-449,-614,-582,-663,-596,-1228,-1172,-918,-689]} 1. d4 d5 2. Nf3 Nf6 3. c4 dxc4 4. e3 b5 5. a4 b4 6. Bxc4 {D25: Queen's Gambit Accepted: 4 e3: sidelines and 4...Bg4} e6 7. O-O (7. a5 a6 8. Nbd2 Bb7 9. O-O c5 10. Nb3 Nbd7 11. dxc5 Nxc5 12. Nxc5 Bxc5 {1-0 (45) Bluebaum,M (2631)-Anand,V (2776) Karlsruhe/Baden-Baden 2018}) 7... Be7 8. b3 {The position is equal.} O-O 9. Bb2 Bb7 10. Nbd2 Nbd7 11. Qe2 c5 12. Ba6 Qb6 13. Bxb7 Qxb7 14. Rac1 $146 Rac8 15. Rfd1 cxd4 16. Nxd4 Nc5 {[%cal Bd7c5,Bc5e4,Be4f6,Bf6d5,Bd5c3][%mdl 32]} 17. Nc4 Qa6 18. Qc2 Nce4 19. Nb5 Qb7 $1 20. Bxf6 Nxf6 21. Qd2 Qb8 22. Qd4 a6 23. Nbd6 Rcd8 {White must now prevent ...Ne8.} 24. Qe5 Nd5 {[%cal Re7d6]} 25. Nf5 {[%csl Gf5][%cal Re5g7]} Bf6 26. Qxb8 Rxb8 27. Ng3 Nc3 $36 {[%mdl 2048] Black has the initiative.} 28. Rd6 Rfc8 {Threatens to win with ...Rxc4!} 29. Nb6 ({Of course not} 29. Rxa6 Rxc4 $1 {[%mdl 512]} 30. bxc4 b3 $17) 29... Rd8 30. Rxd8+ Rxd8 31. Nc4 Rc8 {Strongly threatening ...Rxc4!} 32. Nd6 Rc5 33. Kf1 {[#]} Nxa4 $1 {[%mdl 512]} 34. Rd1 (34. bxa4 Rxc1+) 34... Nc3 35. Nde4 Rc8 (35... Rb5 {keeps more tension.} 36. Rd6 a5 37. Ra6 h5 38. Nxf6+ gxf6 39. Ne2 Nxe2 40. Kxe2 Rc5) 36. Nxf6+ gxf6 $17 {[%mdl 4096] Endgame KRN-KRN} 37. Rd6 (37. Ra1 $17) 37... a5 $19 38. Nh5 (38. Ke1 {was called for.}) 38... f5 39. g3 (39. f3 {is a better defense.}) 39... Rb8 40. Nf6+ Kg7 41. Nd7 Rd8 42. Nf6 Rb8 ({Resist} 42... Rxd6 43. Ne8+ Kg6 44. Nxd6 $19) 43. Nd7 $1 {[%cal Rd7b8]} Rb7 44. Nc5 Rc7 45. Na6 Rc8 46. Ke1 $2 (46. Rd2 {is tougher.}) 46... Ne4 {Black is clearly winning.} 47. Rd1 Rc6 48. Nb8 Rc2 49. Nd7 Rxf2 50. Nc5 {White wants to play Nxe4.} Rxh2 51. Nxe4 fxe4 {Accuracy: White = 36%, Black = 70%.} 0-1

[Event "Elite Hotels Open 2019"]
[Site "Vaxjo"]
[Date "2019.02.09"]
[Round "5.8"]
[White "Ivarsson, Torbjorn"]
[Black "Blomqvist, Erik"]
[Result "0-1"]
[WhiteElo "2119"]
[BlackElo "2483"]
[Annotator "TA"]
[PlyCount "50"]
[EventDate "2019.02.08"]
[EventType "swiss"]
[EventCountry "SWE"]
[SourceTitle "playchess.com"]
[Source "ChessBase"]
[SourceQuality "1"]

{[%evp 11,50,-5,0,0,1,-19,2,-19,-19,-22,-33,-42,-33,-50,-37,-48,-49,-141,-75,-142,-119,-137,-121,-152,-157,-180,-170,-207,-124,-293,-265,-477,-450,-536,-527,-635,-633,-628,-614,-618,-614]} 1. d4 Nf6 2. Bf4 d5 3. e3 c5 4. c3 Nc6 5. Nd2 Bf5 6. Ngf3 e6 7. Nh4 {D00: 1 d4 d5: Unusual lines} (7. Be2 Bd6 8. dxc5 Bxc5 9. Nd4 Bg6 10. Qa4 O-O 11. Nxc6 bxc6 12. Qxc6 Rc8 13. Qa4 Re8 14. O-O e5 {0-1 (57) Le,Q (2737)-Ding,L (2777) Riadh 2017}) 7... Be4 8. f3 Bg6 9. Nxg6 {The position is equal.} hxg6 10. Qb3 Qd7 11. h3 $146 ({Predecessor:} 11. g4 Bd6 12. Bxd6 Qxd6 13. O-O-O O-O-O 14. g5 Ng8 {0-1 (39) Zaitsev,A (2499)-Potkin,V (2574) Tula 2018}) 11... c4 12. Qc2 Bd6 13. Bxd6 Qxd6 14. O-O-O (14. Kf2 $15) 14... Nh5 (14... Qg3 $142 15. a4 a6) 15. Be2 (15. g4 $142 Ng3 16. Rg1) 15... Ng3 $36 {[%mdl 2048] Black has strong initiative.} 16. Rhe1 b5 17. Nf1 O-O 18. e4 Nxf1 19. e5 Ne3 (19... Qe7 $19 20. Rxf1 b4) 20. Qd2 $2 {[#]} (20. exd6 $17 Nxc2 21. Kxc2) 20... Nxe5 $19 21. dxe5 $2 (21. Qxe3 {is the only way for White.} Nc6 22. Kb1) 21... Qb6 {Black is clearly winning.} 22. h4 b4 23. Rh1 bxc3 24. Qxc3 Nxd1 25. Rxd1 Qf2 {Accuracy: White = 27%, Black = 71%.} 0-1

[Event "Elite Hotels Open 2019"]
[Site "Vaxjo"]
[Date "2019.02.09"]
[Round "5.9"]
[White "Cramling, Pia"]
[Black "Neretljak, Nedzad"]
[Result "1-0"]
[WhiteElo "2462"]
[BlackElo "2140"]
[Annotator "TA"]
[PlyCount "83"]
[EventDate "2019.02.08"]
[EventType "swiss"]
[EventCountry "SWE"]
[SourceTitle "playchess.com"]
[Source "ChessBase"]
[SourceQuality "1"]

{[%evp 14,83,76,59,62,68,83,83,89,83,81,69,97,103,147,156,169,147,191,196,216,231,233,239,218,172,172,172,172,166,222,193,193,187,187,204,237,224,257,234,328,339,401,381,400,379,393,373,368,360,593,595,690,647,761,756,750,742,693,652,679,645,705,697,686,661,661,661,661,516,1357,1268]} 1. d4 g6 2. e4 Bg7 3. c4 c5 4. d5 d6 5. Nc3 Nf6 6. Nf3 Nbd7 7. h3 O-O 8. Bg5 h6 {E90: King's Indian: Classical: Early deviations and 6 h3} (8... a6 9. a4 h6 10. Be3 Re8 11. Qd2 e6 12. Bd3 exd5 13. cxd5 c4 14. Bc2 Qa5 15. O-O g5 16. Bd4 Ne5 17. Nxe5 dxe5 {½-½ (32) Lupulescu,C (2634)-Manolache,M (2503) Mamaia 2013}) 9. Be3 Kh7 10. Bd3 a6 {White is better.} 11. a4 {[%cal Ba2a4,Ba4a5][%mdl 32]} b6 $146 ({Predecessor:} 11... Re8 12. g4 Nf8 13. g5 Ng8 14. h4 h5 15. Nh2 Bd7 16. e5 {0-1 (28) Ganaus,H (2321)-Walach,M (2383) Orlova 2006}) 12. g4 Ne8 13. h4 Ne5 14. Nxe5 dxe5 15. h5 g5 {[#]} 16. a5 $1 {[%mdl 512]} Nf6 (16... bxa5 17. f3) 17. f3 Nd7 18. Na4 bxa5 19. Qd2 Qc7 20. Qf2 Rb8 21. O-O Rb3 (21... Kg8 $142 22. Nxc5 e6) 22. Rfd1 Rd8 23. Nxc5 Nxc5 24. Bxc5 Bf8 25. Be3 Bd7 26. c5 Rdb8 (26... Bb5 {is a better defense.}) 27. c6 $18 Rxb2 28. Rd2 Rxd2 29. Qxd2 ({Not} 29. Bxd2 Bc8 $18) 29... Bc8 30. Bc5 Rb3 31. Qc2 a4 $2 (31... Qb8 32. Rxa5 Rb2) 32. Rxa4 {White is clearly winning.} Qb8 33. Ra2 Kg7 34. Kg2 a5 35. c7 Qb7 {[#]} 36. Ba6 $1 {[%mdl 512]} Qxc7 (36... Qxa6 37. Qxb3) 37. Qxb3 Bxa6 38. Qb6 Qxb6 39. Bxb6 Bc4 40. Rxa5 e6 41. Bc7 f6 (41... exd5 $142 42. Bxe5+ f6 43. Ra7+ Kg8 44. Bxf6 dxe4 45. fxe4 Be6) 42. d6 {Accuracy: White = 85%, Black = 35%.} 1-0

[Event "Elite Hotels Open 2019"]
[Site "Vaxjo"]
[Date "2019.02.09"]
[Round "5.10"]
[White "Seo, Jung Min"]
[Black "Dehlin, Gabriel"]
[Result "1-0"]
[WhiteElo "2368"]
[BlackElo "2090"]
[Annotator "TA"]
[PlyCount "135"]
[EventDate "2019.02.08"]
[EventType "swiss"]
[EventCountry "SWE"]
[SourceTitle "playchess.com"]
[Source "ChessBase"]
[SourceQuality "1"]

{[%evp 17,135,4,5,0,4,7,21,4,16,27,45,24,27,22,24,20,125,129,130,135,133,128,131,111,105,98,130,136,125,100,109,97,121,97,98,106,106,100,71,77,75,47,50,47,68,40,31,33,50,44,43,43,43,42,76,76,76,58,132,129,238,243,233,243,218,233,234,225,304,227,345,352,331,235,287,254,251,250,272,166,183,0,254,172,222,186,437,236,483,438,445,428,535,526,500,484,401,398,5287,5197,29972,29973,29973,29974,29970,29975,29972,29976,29976,29977,29977,29978,29976,29976,29976,29977,29977,29975,29980,29982]} 1. Nf3 Nf6 2. c4 e6 3. d4 d5 4. g3 Be7 5. Bg2 O-O 6. O-O c6 7. Nbd2 Nbd7 8. Re1 b6 9. b3 Bb7 10. Bb2 {E06: Closed Catalan: Early deviations} Rc8 11. Rc1 Re8 12. Ne5 {The position is equal.} (12. e3 c5 13. cxd5 Nxd5 14. Qe2 {½-½ (36) Ding,L (2759)-Zhao,J (2616) China 2017}) 12... c5 13. e3 Qc7 14. cxd5 {aiming for dxc5.} Nxe5 15. d6 {[#]} Nf3+ $1 {[%mdl 512]} 16. Bxf3 (16. Nxf3 Qxd6) 16... Bxd6 $146 (16... Bxf3 $11 {remains equal.} 17. dxc7 (17. Nxf3 Qxd6 18. dxc5 Rxc5 $14) 17... Bxd1 18. Rexd1 Rxc7) ({Predecessor:} 16... Bxf3 17. Qxf3 Qxd6 18. e4 Qd7 19. e5 Nd5 20. dxc5 Bxc5 {1-0 (63) Datu,I-Martin,B Baguio City 1987}) 17. dxc5 $16 bxc5 18. Bxf6 gxf6 19. Bxb7 Qxb7 20. Qg4+ Kh8 21. Red1 Rg8 22. Qe4 Qe7 23. Qf3 Bb8 24. Rc4 f5 25. Rdc1 Rcd8 26. Nf1 Rd5 27. Rd1 Rgd8 28. Rxd5 Rxd5 29. Rc2 Qd7 30. Qe2 Bd6 31. Rd2 Be7 32. Rxd5 Qxd5 33. Qa6 Qd7 34. Qc4 Kg7 35. Qc3+ f6 36. Qc4 Kf7 37. h4 Qd1 (37... Kg6 $14) 38. Qa4 e5 (38... c4 $16 {is a better defense.} 39. Qxc4 Qd6) 39. Qxa7 $18 f4 40. exf4 exf4 41. gxf4 Qg4+ 42. Ng3 Qxf4 43. Qb7 Qe5 (43... c4 {keeps fighting.} 44. Qd5+ Kf8) 44. Kg2 f5 45. Qf3 Ke6 46. Qh5 f4 47. Qg4+ Kd5 48. Qf3+ Ke6 49. Qg4+ (49. Qc6+ $142 Kf7 50. Ne4) 49... Kd5 $1 50. Nf5 Bf6 51. h5 Ke4 $2 (51... Bd8 {was necessary.} 52. Qd1+ Ke6) 52. Nh6 ({Less strong is} 52. Ng3+ Kd3 $16) (52. Ne3 $142 Qg5 53. Qxg5 Bxg5 54. Nc4) 52... Qg5 $2 (52... Kd3 53. Qd1+ Kc3) 53. Qxg5 Bxg5 {[%mdl 4096] Endgame KB-KN} 54. f3+ Kd3 55. Nf7 Bf6 56. Nd6 Kc2 {[#]} 57. Nc4 $1 Kb1 $2 (57... Kc3 58. Kh3 Bg5) 58. a4 {[%cal Ba2a4,Ba4a5][%mdl 32]} Bd8 59. a5 {White mates.} Bc7 60. a6 Bb8 61. Na5 Ba7 62. Nc6 Bb6 63. a7 Bxa7 64. Nxa7 Kb2 65. Kh3 Kxb3 66. Kg4 c4 67. Kxf4 c3 68. Nb5 {Accuracy: White = 58%, Black = 41%.} 1-0

[Event "Elite Hotels Open 2019"]
[Site "Vaxjo"]
[Date "2019.02.09"]
[Round "5.11"]
[White "Johansson, Gunnar"]
[Black "Jakenberg, Jussi"]
[Result "1/2-1/2"]
[WhiteElo "2259"]
[BlackElo "2098"]
[Annotator "TA"]
[PlyCount "40"]
[EventDate "2019.02.08"]
[EventType "swiss"]
[EventCountry "SWE"]
[SourceTitle "playchess.com"]
[Source "ChessBase"]
[SourceQuality "1"]

{[%evp 16,40,18,12,17,0,0,6,4,-6,-11,-18,0,-30,23,19,34,31,40,28,50,37,39,20,37,17,26]} 1. d4 Nf6 2. c4 e6 3. g3 d5 4. Nf3 Bb4+ 5. Bd2 Be7 6. Bg2 c6 7. Qc2 b6 8. O-O O-O 9. Bf4 Nbd7 {E06: Closed Catalan: Early deviations} 10. Nbd2 (10. Rd1 Ba6 11. cxd5 cxd5 12. Ne5 Nxe5 13. dxe5 Ng4 14. Bf3 f5 15. exf6 Nxf6 16. Qa4 Bb7 17. Nd2 Qe8 18. Qxe8 Rfxe8 {½-½ (29) Giri,A (2783)-Ding,L (2813) Wijk aan Zee 2019}) 10... Nh5 11. Be3 Bb7 12. Rfd1 f5 13. Nf1 Rc8 14. Rac1 $146 ({Predecessor:} 14. Ne5 Nhf6 15. Nd3 Qe8 16. Qa4 a6 17. cxd5 exd5 18. Bf4 Nh5 {1-0 (32) Koller,H (2140)-Lampersberger,E (2079) Feffernitz 2017}) 14... h6 (14... Bd6 $142) 15. cxd5 $11 cxd5 16. Qa4 $1 a6 17. Rxc8 Qxc8 18. Rc1 Qd8 19. Bd2 (19. Ne5 $5 {[%cal Ra4d7]} b5 20. Qb3 $14) 19... b5 20. Qa5 Bd6 {Accuracy: White = 62%, Black = 67%.} 1/2-1/2

[Event "Elite Hotels Open 2019"]
[Site "Vaxjo"]
[Date "2019.02.09"]
[Round "5.12"]
[White "Stahlberg, David"]
[Black "Burwick, Malte"]
[Result "1/2-1/2"]
[WhiteElo "2079"]
[BlackElo "2247"]
[Annotator "TA"]
[PlyCount "61"]
[EventDate "2019.02.08"]
[EventType "swiss"]
[EventCountry "SWE"]
[SourceTitle "playchess.com"]
[Source "ChessBase"]
[SourceQuality "1"]

{[%evp 10,61,22,7,23,18,18,24,27,0,12,0,12,-16,0,0,0,0,0,-20,0,0,0,0,0,0,0,-24,7,9,28,37,54,48,115,112,114,81,83,87,75,83,89,84,89,72,84,84,85,85,77,77,77,72]} 1. Nf3 g6 2. d4 Bg7 3. e3 Nf6 4. Be2 O-O 5. O-O d6 6. b3 Nc6 {A48: 1 d4 Nf6 2 Nf3 g6: Torre, London and Colle Systems} 7. Bb2 e5 8. dxe5 Ng4 {White has an edge.} 9. Na3 $146 ({Predecessor:} 9. Nc3 Ngxe5 10. Qd2 Re8 11. Rad1 Nxf3+ 12. Bxf3 Ne5 13. Be2 Be6 14. Nb5 {½-½ (59) Kramnik,V (2792)-Vachier Lagrave,M (2789) Paris 2018}) 9... a6 {[%cal Rg4e5]} 10. Rb1 Ngxe5 11. Nc4 Nxc4 (11... Nd7 {feels hotter.} 12. Nd4 Nce5 13. Nd2 Nf6 14. h3 Re8) 12. Bxc4 Bxb2 13. Rxb2 Qf6 14. Qa1 Be6 15. Be2 Rfe8 16. c4 a5 17. a3 h6 18. Rd2 Qe7 19. Qc3 f5 20. Nd4 Ne5 21. c5 Bf7 ({Better is} 21... d5 $14) 22. cxd6 $16 {White is better.} cxd6 23. Nb5 Rec8 24. Qb2 Rc6 25. Rfd1 {[%cal Rb5d6]} Rd8 26. Nd4 Rcc8 27. Rc1 Kh7 28. Rdc2 Rc5 29. b4 axb4 30. axb4 Rxc2 31. Rxc2 {Accuracy: White = 61%, Black = 38%.} 1/2-1/2

[Event "Elite Hotels Open 2019"]
[Site "Vaxjo"]
[Date "2019.02.09"]
[Round "5.13"]
[White "Goransson, Martin"]
[Black "Lindh, Fredrik"]
[Result "0-1"]
[WhiteElo "2074"]
[BlackElo "2244"]
[Annotator "TA"]
[PlyCount "86"]
[EventDate "2019.02.08"]
[EventType "swiss"]
[EventCountry "SWE"]
[SourceTitle "playchess.com"]
[Source "ChessBase"]
[SourceQuality "1"]

{[%evp 13,85,16,33,12,17,24,30,16,21,14,37,0,31,0,17,30,29,-43,-52,-63,-41,-47,0,-41,-22,-28,-42,-27,0,22,68,43,35,37,39,41,25,22,26,-56,-59,-71,-48,-58,0,0,0,0,0,0,2,0,88,0,96,72,106,0,0,0,0,-35,-26,-203,-109,-368,-350,-350,-235,-754,-772,-1761,-1746,-29999]} 1. c4 Nf6 2. g3 g6 3. Bg2 d5 4. cxd5 Nxd5 5. Nc3 Nb6 6. d3 Bg7 7. Be3 Nc6 8. Qd2 {A16: English Opening: 1...Nf6 with ...d5} (8. Bxc6+ bxc6 9. Qd2 h5 10. h4 Nd5 11. Rc1 Nxe3 12. Qxe3 Rb8 13. b3 Bd4 14. Qd2 Bg4 15. Nf3 Bxf3 16. exf3 Qd6 {1-0 (65) Jakovenko,D (2732)-Zeng,C (2535) China 2018}) 8... Nd4 9. Rc1 Nf5 10. Bc5 {White has an edge.} O-O 11. Nf3 c6 12. O-O Re8 13. Rfd1 Nd7 14. Ba3 Qa5 15. e4 $146 (15. e3 $11) ({Predecessor:} 15. e3 Nd6 {1-0 (58) Acosta,P (2188)-Cortes Orihuela,J (2216) Montevideo 2014}) 15... Bh6 $1 $15 {[%cal Rh6d2]} 16. Qc2 Bxc1 17. Qxc1 Ng7 18. b4 Qb6 19. d4 Nf6 20. h3 a5 21. b5 $1 Be6 22. Bc5 {[%mdl 1024] White has compensation.} Qc7 23. b6 Qc8 24. Qh6 Nd7 25. Ng5 Nf8 $1 26. g4 (26. Nxe6 $11 Nfxe6 27. Ba3) 26... f6 27. Nxe6 Ngxe6 28. Ba3 Qb8 ({Black should play} 28... Nd7 $1 $15 29. Na4 Ng5) 29. e5 $11 Ng5 (29... fxe5 $5 30. d5 $8 Nd4 $11) 30. f4 Nf7 31. Qh4 fxe5 32. fxe5 Ne6 (32... Qd8 $11) 33. Ne4 ({White should try} 33. Qf2 $16) 33... g5 (33... Qd8 $11 {keeps the balance.}) 34. Qf2 {And now Bf1 would win.} Qd8 35. Qf1 (35. Bf1 $1 $16 {[%cal Rf1c4]} Nf4 36. Nxg5 $1 {[%mdl 576] Remove Defender} Nxg5 37. Qxf4) 35... Qxb6 {Strongly threatening ...Rad8.} 36. Qc4 {[#]} c5 $1 37. dxc5 (37. Bxc5 Rac8) 37... Qa6 38. Qc1 $2 {[#]} (38. Bf1 $1 $11 {and White is okay.} Red8 39. Rxd8+ Nexd8 40. Qxa6 bxa6 41. e6) 38... Rad8 (38... Nxe5 39. Nxg5 Rad8 40. Rd5 $11) (38... Nf4 $1 $19 {[%cal Rf4e2]} 39. Qc2 Red8 40. Rxd8+ Rxd8) 39. Rxd8 $4 {[%mdl 8192]} (39. Re1 $17) 39... Rxd8 $19 ({Less strong is} 39... Nexd8 40. Qc2 $17) 40. c6 Nf4 {...Ne2+ is the strong threat.} ({Inferior is} 40... Nxe5 41. cxb7 Qb6+ 42. Bc5 $11) 41. Qb1 $2 (41. Qc2 bxc6 42. Bxe7) 41... Qe2 {[%csl Gf4][%cal Re2g2]} 42. Qf1 Rd1 {[%csl Gf4][%cal Re2g2]} 43. cxb7 Qxg2# {[%mdl 64] Pin. Accuracy: White = 36%, Black = 55%.} 0-1

[Event "Elite Hotels Open 2019"]
[Site "Vaxjo"]
[Date "2019.02.09"]
[Round "5.14"]
[White "Lindborg, Patrik"]
[Black "Mardell, Jonas"]
[Result "1-0"]
[WhiteElo "2210"]
[BlackElo "2029"]
[Annotator "TA"]
[PlyCount "59"]
[EventDate "2019.02.08"]
[EventType "swiss"]
[EventCountry "SWE"]
[SourceTitle "playchess.com"]
[Source "ChessBase"]
[SourceQuality "1"]

{[%evp 17,59,21,32,38,44,15,89,71,86,72,87,91,102,96,108,102,100,94,100,101,126,123,117,126,128,125,124,121,127,102,123,103,166,179,184,108,276,197,807,793,768,741,6575,6495]} 1. d4 d5 2. c4 e6 3. Nc3 Nf6 4. Nf3 Be7 5. Bf4 O-O 6. e3 b6 7. cxd5 exd5 8. Bd3 c5 {D37: Queen's Gambit Declined: 5 Bf4} (8... Bb7 9. h3 c5 10. O-O Nc6 11. Rc1 a6 12. Bb1 Re8 13. Re1 c4 14. e4 dxe4 15. Nxe4 Nd5 16. Bg3 Bb4 {½-½ (47) Werle,J (2551)-Klein,D (2511) Netherlands 2017}) 9. O-O Nc6 {LiveBook: 6 Games} 10. Rc1 c4 {White is slightly better.} 11. Be2 (11. Bb1 {keeps more tension.} Bb7 12. Ne5 Bd6 13. Bg3 g6 14. e4) 11... Bg4 (11... Bb4 $11 {keeps the balance.}) 12. Ne5 $146 ({Predecessor:} 12. Qa4 Bd7 13. Qd1 a6 14. Bg5 Be6 15. Bxf6 Bxf6 16. e4 b5 {0-1 (28) Jorgensen,M-Rendboe,J (2234) Borup 2008}) 12... Bxe2 13. Qxe2 ({Of course not} 13. Nxe2 Nxe5 14. Bxe5 Qd7 $11) ({Reject} 13. Nxc6 Bxd1 14. Nxd8 Rfxd8 $11) 13... Rc8 14. Qf3 Re8 15. Nxc6 Rxc6 16. Be5 Ne4 17. Nxe4 dxe4 18. Qxe4 Qc8 19. d5 Rc5 {And now ...Bd6! would win.} 20. Qf3 $40 {[%mdl 128] White has strong attack.} Qd7 21. Rfd1 Bd6 22. Bxd6 Qxd6 23. Qg3 Qf6 24. Rd4 c3 (24... b5 $16 25. d6 Rd8) 25. b4 $18 Rcc8 {[#]} 26. d6 (26. Qf3 $1 $18) 26... Rcd8 $2 (26... Red8 $16) 27. d7 Re7 $2 (27... Re6 28. Qc7 Rc6 29. Qxa7 g6) 28. Qc7 {White is clearly winning.} Re6 29. Rxc3 {Hoping for Qxd8+!} h6 {[#]} 30. Qxd8+ $1 {[%mdl 512] Precision: White = 79%, Black = 25%.} 1-0

[Event "Elite Hotels Open 2019"]
[Site "Vaxjo"]
[Date "2019.02.09"]
[Round "5.15"]
[White "Johansson, Roland 1961"]
[Black "Olofsson-Dolk, Mattis"]
[Result "0-1"]
[WhiteElo "2033"]
[BlackElo "2172"]
[Annotator "TA"]
[PlyCount "40"]
[EventDate "2019.02.08"]
[EventType "swiss"]
[EventCountry "SWE"]
[SourceTitle "playchess.com"]
[Source "ChessBase"]
[SourceQuality "1"]

{[%evp 13,40,-5,5,-21,40,-27,-16,-56,-58,-52,-45,-93,-65,-179,-172,-189,-162,-139,-150,-251,-210,-320,-318,-307,-329,-724,-727,-1278,-1266]} 1. e4 c5 2. Nf3 d6 3. d4 cxd4 4. Nxd4 Nf6 5. Nc3 a6 6. f4 e5 7. Nf3 Qc7 8. h3 {B93: Sicilian Najdorf: 6 f4} (8. Bd3 Be7 9. Qe2 Nbd7 10. g4 exf4 11. Bxf4 Ne5 12. g5 Nh5 13. Nd5 Qd8 14. Bxe5 dxe5 15. Nxe5 Nf4 16. Qf3 Nxd3+ 17. cxd3 {1-0 (29) Amonatov,F (2614)-Sarana,A (2618) St Petersburg 2018}) 8... Be7 ({Black should play} 8... b5 $11) 9. Be3 (9. g4 $14) 9... b5 10. a3 {The position is equal.} Bb7 11. Bd3 Nbd7 12. Qe2 Nc5 $146 ({Predecessor:} 12... O-O 13. O-O exf4 14. Bxf4 Ne5 15. g4 Rac8 {1-0 (32) Camps Tarres,E-Fluvia Frigola,J Tordera 1996}) 13. Bd2 (13. Bxc5 $1 $15 Qxc5 14. Qd2) 13... Nh5 $19 {[#] And now ...Ng3 would win.} 14. Qf2 Nxf4 15. Bxf4 exf4 16. O-O-O (16. O-O $17) 16... Bf6 17. Nd5 (17. Nd4 $142) 17... Bxd5 $1 18. exd5 O-O 19. Nd4 $2 {[#]} (19. c3 Nxd3+ 20. Rxd3) 19... Bxd4 20. Qxd4 Nb3+ {[%mdl 64] Double Attack. Accuracy: White =  7%, Black = 63%.} 0-1

[Event "Elite Hotels Open 2019"]
[Site "Vaxjo"]
[Date "2019.02.09"]
[Round "5.16"]
[White "Nilsson, Patrik 1978"]
[Black "Hall, Alexander"]
[Result "1-0"]
[WhiteElo "2169"]
[BlackElo "1723"]
[Annotator "TA"]
[PlyCount "63"]
[EventDate "2019.02.08"]
[EventType "swiss"]
[EventCountry "SWE"]
[SourceTitle "playchess.com"]
[Source "ChessBase"]
[SourceQuality "1"]

{[%evp 27,63,-12,4,0,-8,0,17,16,57,48,100,0,0,-33,-41,-33,0,-4,411,315,426,450,489,480,464,173,811,782,917,837,698,641,585,615,592,346,583,568]} 1. e4 c5 2. c3 Nf6 3. e5 Nd5 4. d4 cxd4 5. cxd4 d6 6. Nf3 Nc6 7. Bc4 Nb6 8. Bb5 dxe5 9. Nxe5 Bd7 10. Nxd7 Qxd7 11. Nc3 e6 12. Qg4 a6 {B22: Sicilian: 2 c3} 13. Bxc6 Qxc6 14. O-O Nd5 {LiveBook: 3 Games. The position is equal.} 15. Bg5 Nxc3 $146 ({Predecessor:} 15... h5 16. Qe2 Be7 17. Bd2 Bf6 18. Rac1 Nxc3 19. bxc3 g6 20. Be3 {½-½ (29) Vysochin,S (2531)-Kim,A (2428) St Petersburg 2006}) 16. bxc3 h6 17. Bh4 Qd5 18. Rfe1 h5 {[#]} (18... Rc8 $14) 19. Qh3 (19. Qg3 $1 $16) 19... Bd6 $11 20. c4 (20. Bg3 $5 {[%cal Rc3c4]} Rc8 21. Bxd6 Qxd6 22. Re3 $11) 20... Qxc4 21. d5 Qxd5 22. Rad1 Bxh2+ $2 {[%mdl 8192]} (22... Qc6 $11) 23. Kxh2 {Threatening mate with Qa3.} Qxa2 24. Qf3 Qa4 25. Re4 Qc6 26. Red4 $2 $40 {[%mdl 128] White is out for blood.} (26. Qa3 {[%csl Gh4][%cal Ra3e7]} f6 27. Rde1) 26... Qc7+ $2 (26... O-O) 27. Bg3 $18 Qc6 28. Qa3 Rc8 {[#]} 29. Rd7 $1 {[%mdl 512]} Qxd7 30. Rxd7 Kxd7 31. Qd6+ Ke8 32. Bh4 {Precision: White = 49%, Black = 19%.} 1-0

[Event "Elite Hotels Open 2019"]
[Site "Vaxjo"]
[Date "2019.02.09"]
[Round "6.1"]
[White "Gritsak, Orest"]
[Black "Jepson, Christian"]
[Result "1/2-1/2"]
[WhiteElo "2466"]
[BlackElo "2389"]
[Annotator "RC"]
[PlyCount "23"]
[EventDate "2019.02.08"]
[EventType "swiss"]
[EventCountry "SWE"]
[SourceTitle "playchess.com"]
[Source "ChessBase"]
[SourceQuality "1"]
[TimeControl "5400+30"]

1. Nf3 {[%emt 0:00:00]} d5 {[%emt 0:00:00]} 2. d4 {[%emt 0:00:00]} Nf6 {[%emt 0:00:00]} 3. c4 {[%emt 0:00:00]} e6 {[%emt 0:00:00]} 4. Nc3 {[%emt 0:00:04]} Be7 {[%emt 0:00:00]} 5. Bg5 {[%emt 0:01:03]} h6 {[%emt 0:00:34]} 6. Bh4 {[%emt 0:00:47]} O-O {[%emt 0:00:07]} 7. Rc1 {[%emt 0:01:50]} Nbd7 {[%emt 0:15:05]} 8. e3 {[%emt 0:01:03]} c5 {[%emt 0:12:28]} 9. cxd5 {[%emt 0:08:02]} Nxd5 {[%emt 0:02:25]} 10. Bxe7 {[%emt 0:00:08]} Nxe7 {[%emt 0:00:58]} 11. Be2 {[%emt 0:11:12]} b6 {[%emt 0:03:30]} 12. O-O {[%emt 0:06:16]} 1/2-1/2